Judas Priest Songs - Sudden Death - Statistics

General Stats
  • This quiz has been taken 51 times
    46 since last reset
  • The average score is 14 of 21
Answers on the Grid
Answers color-coded by a green-red scale on the quiz's grid according to % correct below.
Breaking the Law
Burn in Hell
Grinder
Giants in the Sky
City of Birmingham
Dr. Feelgood
Rooster
Mr. Crowley
War Pigs ( Charity Version )
Heading Out to the Highway
Photograph
Even If It Kills Me
Blackout
Ace of Spades
Crown of Horns
Private Property
And One
Cathedral Spires
All Guns Blazing
A Touch of Evil
For Whom the Bells Toll
Crazy
Solar Angels
Panic Attack
Screaming for Vengeance
Turbo Lover
The Pretender
Painkiller
Walk
Child in Time
Night Crawler
Hell Bent for Leather
Smoke on the Water
Break Stuff
when we were young
Every Rose Has It's Thorn
Thunderstruck
You've Got Another Thing Comin'
Electric Eye
Living After Midnight
 
Answer Stats
Answer % Correct
Breaking the Law
97%
Painkiller
84%
Electric Eye
81%
All Guns Blazing
78%
You've Got Another Thing Comin'
78%
Grinder
75%
Hell Bent for Leather
75%
Living After Midnight
75%
Night Crawler
75%
A Touch of Evil
72%
Screaming for Vengeance
72%
Turbo Lover
72%
Heading Out to the Highway
69%
Panic Attack
63%
War Pigs ( Charity Version )
56%
Crown of Horns
53%
Giants in the Sky
44%
Solar Angels
41%
Private Property
34%
Burn in Hell
31%
Cathedral Spires
28%
No matching quizzes found
Score Distribution
Percent of People with Each Score
Percentile by Number Answered
Your Score History
You have not taken this quiz since the last reset